| 000 | 00469nam a2200181Ia 4500 | ||
|---|---|---|---|
| 020 | _a0834802031 | ||
| 040 | _cERE | ||
| 082 | _a796 WEA 1985 A085 Or. | ||
| 100 | 1 | _aCuyler, P. L | |
| 245 | 1 | 0 |
_aSumo : _bfrom rite to sport / |
| 250 | _a1st pbk. ed | ||
| 260 |
_aNew York : _bWeatherhill, _c1985 |
||
| 300 |
_a230 p. : _bill. ; _c23 cm |
||
| 500 | _a"Revised and updated by Doreen Simmons"--T.p. verso | ||
| 650 | 0 | _aSumo | |
| 700 | 1 | _aSimmons, Doreen | |
| 942 | _cEK | ||
| 999 |
_c12735 _d12735 |
||